Being a State and States of Being in Highland Georgia (Titelsatznr. 73188)
[ MARC ]
| 000 -Satzkennung | |
|---|---|
| Kontrollfeld mit fester Länge | 02323nam a22003493u 4500 |
| 001 - Kontrollnummer | |
| Kontrollfeld | drd-23758116 |
| 003 - Kontrollnummer Identifier | |
| Kontrollfeld | Dreier |
| 005 - Datum und Zeit der letzten Transaktion | |
| Kontrollfeld | 20260218125204.0 |
| 007 - Feld mit fester Länge zur physischen Beschreibung - Allgemeine Information | |
| Kontrollfeld mit fester Länge | cr|||||||||||| |
| 008 - Feld mit fester Länge zur physischen Beschreibung - Allgemeine Angaben | |
| Kontrollfeld mit fester Länge | 251118b |||||||| |||| 00| 0 ger d |
| 020 ## - Internationale Standardbuchnummer | |
| Internationale Standardbuchnummer | 9781782382973 |
| Verknüpfung | 978-1-78238-297-3 |
| 040 ## - Katalogisierungsquelle | |
| Übertragungsstelle | RU-10907106 |
| 041 ## - Sprachcode | |
| Sprachcode des Textes/der Tonspur oder des separaten Titels | eng |
| 100 1# - Haupteintragung - Personenname | |
| Personenname | Mühlfried, Florian |
| Funktionsbezeichnungscode | aut |
| Funktionsbezeichnung | Author |
| Koha-Normdatenidentnummer | 67611 |
| 245 10 - Titel | |
| Titel | Being a State and States of Being in Highland Georgia |
| Verfasserangabe etc. | Florian Mühlfried |
| 264 ## - Produktion, Veröffentlichung, Distribution, Herstellung und Urheberrechtsvermerk | |
| Herstellungs-, Veröffentlichungs- Vertriebs-, Erzeugungsort | Oxford |
| Produzent, Herausgeber, Distributor, Hersteller | Berghahn Books |
| Datum der Herstellung, der Veröffentlichung, des Vertriebs oder des Urheberschutzvermerks | 2014 |
| 300 ## - Physische Beschreibung | |
| Umfang | 264 Seiten |
| 336 ## - Inhaltstyp | |
| Inhaltstypterm | Text |
| Inhaltstypcode | txt |
| Quelle | rdacontent |
| 337 ## - Medientyp | |
| Bezeichnung des Medientyps | Computermedien |
| Medientypcode | c |
| Quelle | rdamedia |
| 338 ## - Datenträgertyp | |
| Datenträgertypbezeichnung | Online-Ressource |
| Datenträgertypcode | cr |
| Quelle | rdacarrier |
| 500 ## - Allgemeine Fußnote | |
| Allgemeine Fußnote | E-Book / Zugriff nur im Lesesaal |
| 505 ## - Fußnote zu strukturierten Inhaltsangaben | |
| Fußnote zu strukturierten Inhaltsangaben | List of IllustrationsList of MapsList of TablesAcknowledgementsNote on TranscriptionIntroductionChapter 1. A Mobile FieldChapter 2. Hidden Treasures in the Mountains and a State that Comes and GoesChapter 3. Reborn Citizens in a Post- Soviet LandscapeChapter 4. Three Ways to Be a StateChapter 5. Triple Winning and Simple LosingConclusionAppendixBibliographyIndex |
| 520 ## - Fußnote zu Zusammenfassungen usw. | |
| Fußnote zur Zusammenfassung usw. | The highland region of the republic of Georgia, one of the former Soviet Socialist Republics, has long been legendary for its beauty. It is often assumed that the state has only made partial inroads into this region, and is mostly perceived as alien. Taking a fresh look at the Georgian highlands allows the author to consider perennial questions of citizenship, belonging, and mobility in a context that has otherwise been known only for its folkloric dimensions. Scrutinizing forms of identification with the state at its margins, as well as local encounters with the erratic Soviet and post-Soviet state, the author argues that citizenship is both a sought-after means of entitlement and a way of guarding against the state. This book not only challenges theories in the study of citizenship but also the axioms of integration in Western social sciences in general. |
| 650 ## - Nebeneintragung unter einem Schlagwort - Sachschlagwort | |
| Sachschlagwort oder geografischer Name als Eintragungselement | Hochland |
| Koha-Normdatenidentnummer | 67617 |
| 650 ## - Nebeneintragung unter einem Schlagwort - Sachschlagwort | |
| Sachschlagwort oder geografischer Name als Eintragungselement | Gesellschaft |
| 650 ## - Nebeneintragung unter einem Schlagwort - Sachschlagwort | |
| Sachschlagwort oder geografischer Name als Eintragungselement | Kultur |
| 650 ## - Nebeneintragung unter einem Schlagwort - Sachschlagwort | |
| Sachschlagwort oder geografischer Name als Eintragungselement | Nationalbewusstsein |
| 651 ## - Nebeneintragung unter einem Schlagwort - Geografischer Name | |
| Geografischer Name | Georgien |
| 776 08 - Andere physische Form | |
| Verweisungsphrase | Print Version |
| Titel | Being a State and States of Being in Highland Georgia |
| Datensatzkontrollnummer | 77119708X |
| 856 ## - Elektronische Adresse und Zugriff | |
| OPAC-Notiz | Volltext |
| URL | <a href="https://doi.org/10.1515/9781782382973 ">https://doi.org/10.1515/9781782382973 </a> |
| 942 ## - Zusätzliche Felder (Koha) | |
| Koha-Medientyp | E-Books |
| Klassifikation oder Aufstellungssystematik | Andere/Generische Klassifikation |
| Ausgeschieden | Verloren | Klassifikation oder Aufstellungssystematik | Beschädigt | Nicht entleihbar | Heimatbibliothek | Aufenthaltsbibliothek | Aufstellungsort | Erwerbungsdatum | Inventarnummer | Signatur | Barcode | Letzte Aktivität | Preis gültig von | Koha-Medientyp |
|---|---|---|---|---|---|---|---|---|---|---|---|---|---|---|
| Andere/Generische Klassifikation | MWN Osteuropa | MWN Osteuropa | Online-Ressource | 18/11/2025 | 25-e01193 | E-25-e01193 | 76107 | 18/11/2025 | 18/11/2025 | E-Books |